000 00496 a2200157 4500
999 _c2026
_d2026
020 _a9788126537686
050 _aHF1359 SAL 2011
100 _aSalvatore, Dominick
_eauthor
245 _aInternational Economics /
_bTrade and Finance
_cDominick Salvatore
250 _a10th ed.
264 _aNew Delhi
_bJohn Wiley & Sons
_c2011
300 _a812p. :
_bill.
500 _aIncludes index
650 _aInternational economic relations
_xInternational trade
942 _2lcc
_cBK
_e10th ed.
_h1359
_iSAL
_kHF